Development of software for glaucoma detection from retinal images

Salvato in:
Dettagli Bibliografici
Autore principale: Sukhina, Ilia (Autore)
Altri autori: Furman, Dmytro (Relatore della tesi)
Natura: Manoscritto Libro
Lingua:slovacco
inglese
Pubblicazione: 2025
Soggetti:
Accesso online:http://is.stuba.sk/zp/portal_zp.pl?podrobnosti=175366
Tags: Aggiungi Tag
Nessun Tag, puoi essere il primo ad aggiungerne!!

MARC

LEADER 00000ntm a22000003a 4500
001 stuzp102838
003 SK-STU
005 20250614211536.6
007 ta
008 150427s2015----xo-----f-mn---000-0-slo-d
040 |a STU  |b slo 
041 0 |a eng 
100 1 |a Sukhina, Ilia  |u 070200  |4 aut  |U FIIT Fakulta informatiky a informačných technológií  |T FIIT Ústav informatiky, informačných systémov a softvérového inžinierstva  |X 120885  |U I200  |Y 179  |7 120885 
242 0 1 |a Vývoj softvéru na detekciu glaukómu zo snímok sietnice  |y slo 
245 1 0 |a Development of software for glaucoma detection from retinal images 
260 |c 2025 
650 4 |a Glaucoma  |2 eng 
650 4 |a Web Application  |2 eng 
650 4 |a Model Evaluation  |2 eng 
650 4 |a Image Preprocessing  |2 eng 
650 4 |a Machine Learning  |2 eng 
650 4 |a Fundus Photography  |2 eng 
650 4 |a Deep Learning  |2 eng 
650 4 |a Convolutional Neural Networks (CNN)  |2 eng 
650 4 |a Automated Detection  |2 eng 
650 4 |a Retinal Images  |2 eng 
650 4 |a Webová aplikácia  |2 slo 
650 4 |a Hodnotenie modelu  |2 slo 
650 4 |a Predspracovanie obrazu  |2 slo 
650 4 |a Strojové učenie  |2 slo 
650 4 |a Fotografia očného pozadia  |2 slo 
650 4 |a Hlboké učenie  |2 slo 
650 4 |a Konvolučné neurónové siete (CNN)  |2 slo 
650 4 |a Automatická detekcia  |2 slo 
650 4 |a Snímky sietnice  |2 slo 
650 4 |a Glaukóm  |2 slo 
700 1 |a Furman, Dmytro  |u 070200  |k Z3  |4 ths  |U FIIT Fakulta informatiky a informačných technológií  |T FIIT Ústav informatiky, informačných systémov a softvérového inžinierstva  |X 128675  |U I200  |Y 179  |7 128675 
856 4 |u http://is.stuba.sk/zp/portal_zp.pl?podrobnosti=175366